| 000 | 00666nam a22002177a 4500 | ||
|---|---|---|---|
| 001 | 6103 | ||
| 003 | FISKH | ||
| 005 | 20250509103341.0 | ||
| 008 | 250313b cb ||||| |||| 00| 0 eng d | ||
| 040 |
_aFISKH _bKhmer _cFISKH _dFISKH |
||
| 050 | _aPZ7 | ||
| 082 | _a340 | ||
| 100 | _aNat, Chhoun | ||
| 245 |
_aច្បាប់ស្រី-ប្រុស / _cដោយ សម្តេចជួន ណាត |
||
| 260 |
_aPhnom Penh : _bSiv Sreymao Publishing ; _c1974. |
||
| 300 |
_a82 pages : _billustrations ; _c21 cm . |
||
| 650 | _aច្បាប់ស្រី-ប្រុស | ||
| 650 | _aWoman-man's law | ||
| 942 |
_2ddc _cKHB _n0 |
||
| 999 |
_c6103 _d6103 |
||